000 00373pab a2200157 454500
008 180718b1997 xxu||||| |||| 00| 0 eng d
100 _aMishra, Rajesh Kumar
245 _aWomen in India: why they need reservation?
260 _c1997
300 _ap.42-43
362 _aOct
650 _aWomen - India
650 _aWomen
773 _aPolitics India
909 _a35536
999 _c35536
_d35536